Economics of convention and new economic sociology: mutual inspiration and dialogue /

Tallennettuna:
Bibliografiset tiedot
Päätekijä: Jagd, Soren
Aineistotyyppi: Teksti
Aiheet:
Tagit: Lisää tagi
Ei tageja, Lisää ensimmäinen tagi!

MARC

LEADER 00000 a a2200000 04500
001 4758
003
040
100 |a Jagd, Soren  
245 |a Economics of convention and new economic sociology:   |b mutual inspiration and dialogue /  |c Soren Jagd 
650 |a TEORIA SOCIAL  
650 |a TEORIA ECONOMICA  
650 |a SOCIOLOGIA  
650 |a FRANCIA  
773 |g volumen 55, número 1; páginas 75-91  
999 |c 35287  |d 35287